000 01239nam a2200265Ia 4500
003 OSt
005 20220930094711.0
006 a|||||r|||| 00| 0
007 ta
008 220926b |||||||| |||| 00| 0 hin d
024 _a117
037 _cTheses
040 _aCRL
_cCRL
_bhin
041 _2hin
_ahin
100 _aमेहता, रक्षा
110 _aदिल्ली विश्वविद्यालय. संकाय कला. हिन्दी विभाग
245 0 _aसाठोत्तरी हिन्दी कविता में आधुनिक तथा अत्तर आधुनिक दृृष्टियों का द्वन्द्व
246 _aSāṭhottarī hindī kavitā mean ādhunik tathā attar ādhunik dṛuṛuṣhṭiyoan kā dvandva
260 _c2011
650 _aहिन्दी साहित्य
700 _a शर्मा, हरिमोहन, गा.
700 _aदिल्ली विश्वविद्यालय. संकाय कला. हिन्दी विभाग
942 _cDIS
_2CC
999 _c887529
_d887529